Building on IT (Record no. 78185)
[ view plain ]
| 000 -LEADER | |
|---|---|
| fixed length control field | 01263cab a2200205 4500 |
| 001 - CONTROL NUMBER | |
| control field | ##L136196 |
| 008 - FIXED-LENGTH DATA ELEMENTS--GENERAL INFORMATION | |
| fixed length control field | 070117n2006 000 0 eng u |
| 035 ## - SYSTEM CONTROL NUMBER | |
| System control number | (Sirsi) u136196 |
| 041 0# - LANGUAGE CODE | |
| Language code of text/sound track or separate title | eng |
| 100 1# - MAIN ENTRY--PERSONAL NAME | |
| Personal name | Meall, Lesley |
| 245 00 - TITLE STATEMENT | |
| Title | Building on IT |
| 260 ## - PUBLICATION, DISTRIBUTION, ETC. | |
| Date of publication, distribution, etc. | 2006 |
| 490 #0 - SERIES STATEMENT | |
| Series statement | Accountancy |
| Volume/sequential designation | 138(1360) December 2006, 67-68(2) |
| 520 ## - SUMMARY, ETC. | |
| Summary, etc. | Discusses the difficulties of complying with the new Construction Industry Scheme (CIS) without the help of specialist software. As the new CIS introduces key changes, it is unlikely that current software or systems will be able to cope. For example, the Revenue will not allow CIS returns to be done via a spreadsheet because the new CIS is accounts payable rather than payroll. Warns contractors against modifying their current IT systems to meet the changes and advises using software suppliers who have upgraded their accounting software to meet requirements (details of these can be found on the BASDA website at www.basda.org). Also highlights the lengthy task of contractors matching the data they hold on subcontractors with that held by the Revenue. |
| 590 ## - LOCAL NOTE (RLIN) | |
| Local note | KA |
| 650 24 - SUBJECT ADDED ENTRY--TOPICAL TERM | |
| Topical term or geographic name entry element | CONSTRUCTION INDUSTRY SCHEME |
| 651 #4 - SUBJECT ADDED ENTRY--GEOGRAPHIC NAME | |
| Geographic name | United Kingdom |
| Chronological subdivision | |
| 690 ## - LOCAL SUBJECT ADDED ENTRY--TOPICAL TERM (OCLC, RLIN) | |
| Topical term or geographic name as entry element | Construction management |
| 9 (RLIN) | 6230 |
| 942 ## - ADDED ENTRY ELEMENTS (KOHA) | |
| Suppress in OPAC | 0 |
| Withdrawn status | Lost status | Source of classification or shelving scheme | Damaged status | Not for loan | Home library | Current library | Shelving location | Date acquired | Total Checkouts | Full call number | Barcode | Date last seen | Copy number | Price effective from | Koha item type |
|---|---|---|---|---|---|---|---|---|---|---|---|---|---|---|---|
| Dewey Decimal Classification | London | London | Journal article | 17/01/2007 | L136196 | 136196-1001 | 06/08/2019 | 1 | 06/08/2019 | Journal article |